|
|
|
|
| LEADER |
00000nab a2200000 a 4500 |
| 001 |
vtls000524406 |
| 003 |
SK-MaSNL |
| 005 |
20260430045355.0 |
| 008 |
120928c1994 xo 0 slo |
| 015 |
|
|
|a SNBRB19rr/mm-uuuuu
|
| 035 |
|
|
|a CL0524544
|
| 040 |
|
|
|a SNKBUCL
|b slo
|c SNKBUCL
|e AACR2
|
| 041 |
0 |
|
|a slo
|
| 044 |
|
|
|a xo
|c SK
|
| 080 |
|
|
|a 630(437.6)
|2 1981
|
| 100 |
1 |
|
|a Konôpka, Jozef,
|d 1940-
|4 aut
|9 89185
|
| 245 |
1 |
0 |
|a Kam smeruje slovenské lesníctvo?
|b Národné bohatstvo si musíme chrániť
|c Jozef Konôpka, Anna Majkútová
|
| 650 |
0 |
7 |
|a lesníctvo
|2 snkbucl
|9 1255
|
| 650 |
0 |
7 |
|a lesné hospodárstvo
|2 snkbucl
|9 1256
|
| 655 |
|
7 |
|a články z novín a časopisov
|2 snkbucl
|9 267496
|
| 700 |
1 |
|
|a Majkútová, Anna
|4 aut
|9 563099
|
| 773 |
0 |
|
|t Roľnícke noviny
|g Č. 170 (23. 7. 1994), s. 1 a 3
|
| 850 |
|
|
|a Slovenská národná knižnica v Martine
|a MTA001
|
| 852 |
|
|
|a SNK
|b KIS3GCP
|
| 958 |
|
|
|a RK
|
| 992 |
|
|
|a RBX
|
| 999 |
|
|
|c 1586578
|d 1588508
|